000
00317nam a22001337a 4500
008
171013b xxu||||| |||| 00| 0 eng d
020
_a
639785318620
041
_a
eng
080
_a
336
100
_a
51
101
_a
INV
245
_a
24 ESSENTIAL LESSONS FOR INVESTMENT SUCCESS
_c
ONEIL.W.J
942
_2
udc
_c
BK
999
_c
33828
_d
33828